000 00567nam a2200181Ia 4500
008 151018s9999 xx 000 0 und d
082 _bRBASDV31643
_a891.463
100 _aअरुण हरकारे
245 _aकीर्तिवंत राजा
250 _b1
260 _bसत्यजय
_c1999
300 _a279
600 _aअरुण हरकारे
630 _aकीर्तिवंत राजा
700 _aअरुण हरकारे
730 _aकीर्तिवंत राजा
942 _cBOOK
999 _c1031176
_d1031173